<?xml version="1.0" encoding="UTF-8"?>
<record
    xmlns:xsi="http://www.w3.org/2001/XMLSchema-instance"
    xsi:schemaLocation="http://www.loc.gov/MARC21/slim http://www.loc.gov/standards/marcxml/schema/MARC21slim.xsd"
    xmlns="http://www.loc.gov/MARC21/slim">

  <leader>01591nam0a22002891  4500</leader>
  <controlfield tag="001">RU\NLR\A1SV\44640</controlfield>
  <controlfield tag="005">20251203171251.9</controlfield>
  <datafield tag="035" ind1=" " ind2=" ">
    <subfield code="a">(NLR Aleph) 009726791</subfield>
  </datafield>
  <datafield tag="090" ind1=" " ind2=" ">
    <subfield code="a">9894089</subfield>
    <subfield code="c">9894089</subfield>
  </datafield>
  <datafield tag="100" ind1=" " ind2=" ">
    <subfield code="a">20021129d1924    u  y0rusy50      ca</subfield>
  </datafield>
  <datafield tag="101" ind1="0" ind2=" ">
    <subfield code="a">rus</subfield>
  </datafield>
  <datafield tag="102" ind1=" " ind2=" ">
    <subfield code="a">RU</subfield>
  </datafield>
  <datafield tag="200" ind1="1" ind2=" ">
    <subfield code="a">&#x41E; &#x43A;&#x43E;&#x43E;&#x43F;&#x435;&#x440;&#x430;&#x442;&#x438;&#x432;&#x435; &#x438; &#x43A;&#x443;&#x43F;&#x446;&#x435; &#x412;&#x430;&#x432;&#x438;&#x43B;&#x435;</subfield>
    <subfield code="e">&#x418;&#x43D;&#x441;&#x446;&#x435;&#x43D;&#x438;&#x440;&#x43E;&#x432;&#x43A;&#x430; &#x434;&#x43B;&#x44F; &#x434;&#x435;&#x440;&#x435;&#x432;&#x43D;&#x438;</subfield>
    <subfield code="f">[&#x421;&#x43E;&#x447;.] &#x42F;&#x43A;. &#x417;&#x430;&#x434;&#x44B;&#x445;&#x438;&#x43D;&#x430;</subfield>
    <subfield code="g">&#x425;&#x443;&#x434;&#x43E;&#x436;. &#x447;. &#x41B;&#x435;&#x43D;&#x438;&#x43D;&#x433;&#x440;&#x430;&#x434;&#x433;&#x443;&#x431;&#x43F;&#x43E;&#x43B;&#x438;&#x442;&#x43F;&#x440;&#x43E;&#x441;&#x432;&#x435;&#x442;&#x430;. &#x421;&#x435;&#x43A;&#x446;&#x438;&#x44F; &#x441;&#x430;&#x43C;&#x43E;&#x434;&#x435;&#x44F;&#x442;. &#x442;&#x435;&#x430;&#x442;&#x440;&#x430;</subfield>
  </datafield>
  <datafield tag="210" ind1=" " ind2=" ">
    <subfield code="a">&#x41B;.</subfield>
    <subfield code="c">&#x423;&#x447;&#x435;&#x431;. &#x442;&#x438;&#x43F;. 1 &#x414;&#x43E;&#x43C;&#x430; &#x43A;&#x43E;&#x43C;&#x43C;&#x443;&#x43D;&#x44B;</subfield>
    <subfield code="d">1924</subfield>
  </datafield>
  <datafield tag="215" ind1=" " ind2=" ">
    <subfield code="a">16 &#x441;.</subfield>
    <subfield code="d">18 &#x441;&#x43C;</subfield>
  </datafield>
  <datafield tag="300" ind1=" " ind2=" ">
    <subfield code="a">&#x411;&#x435;&#x437; &#x442;&#x438;&#x442;. &#x43B;.</subfield>
  </datafield>
  <datafield tag="451" ind1=" " ind2="0">
    <subfield code="1">001RU\NLR\A1SV\44639</subfield>
    <subfield code="1">2001#$a&#x41E; &#x43A;&#x43E;&#x43E;&#x43F;&#x435;&#x440;&#x430;&#x442;&#x438;&#x432;&#x435; &#x438; &#x43A;&#x443;&#x43F;&#x446;&#x435; &#x412;&#x430;&#x432;&#x438;&#x43B;&#x435;$e&#x418;&#x43D;&#x441;&#x446;&#x435;&#x43D;&#x438;&#x440;&#x43E;&#x432;&#x43A;&#x430; &#x434;&#x43B;&#x44F; &#x434;&#x435;&#x440;&#x435;&#x432;&#x43D;&#x438;$f[&#x421;&#x43E;&#x447;.] &#x42F;&#x43A;. &#x417;&#x430;&#x434;&#x44B;&#x445;&#x438;&#x43D;&#x430;$g&#x425;&#x443;&#x434;&#x43E;&#x436;. &#x447;. &#x41B;&#x435;&#x43D;&#x438;&#x43D;&#x433;&#x440;&#x430;&#x434;&#x433;&#x443;&#x431;&#x43F;&#x43E;&#x43B;&#x438;&#x442;&#x43F;&#x440;&#x43E;&#x441;&#x432;&#x435;&#x442;&#x430;. &#x421;&#x435;&#x43A;&#x446;&#x438;&#x44F; &#x441;&#x430;&#x43C;&#x43E;&#x434;&#x435;&#x44F;&#x442;. &#x442;&#x435;&#x430;&#x442;&#x440;&#x430;</subfield>
    <subfield code="1">700#1$a&#x417;&#x430;&#x434;&#x44B;&#x445;&#x438;&#x43D;$b&#x42F;.&#x41B;.$f1897-1951$g&#x42F;&#x43A;&#x43E;&#x432; &#x41B;&#x435;&#x43E;&#x43D;&#x438;&#x434;&#x43E;&#x432;&#x438;&#x447;$4070</subfield>
    <subfield code="9">9894085</subfield>
    <subfield code="a">&#x417;&#x430;&#x434;&#x44B;&#x445;&#x438;&#x43D;, &#x42F;.&#x41B;. (1897-1951)</subfield>
    <subfield code="c">&#x41B;.</subfield>
    <subfield code="d">1924</subfield>
    <subfield code="f">[&#x421;&#x43E;&#x447;.] &#x42F;&#x43A;. &#x417;&#x430;&#x434;&#x44B;&#x445;&#x438;&#x43D;&#x430;</subfield>
    <subfield code="n">&#x423;&#x447;&#x435;&#x431;. &#x442;&#x438;&#x43F;. 1 &#x414;&#x43E;&#x43C;&#x430; &#x43A;&#x43E;&#x43C;&#x43C;&#x443;&#x43D;&#x44B;</subfield>
    <subfield code="o">&#x418;&#x43D;&#x441;&#x446;&#x435;&#x43D;&#x438;&#x440;&#x43E;&#x432;&#x43A;&#x430; &#x434;&#x43B;&#x44F; &#x434;&#x435;&#x440;&#x435;&#x432;&#x43D;&#x438;</subfield>
    <subfield code="p">16 &#x441;.</subfield>
    <subfield code="t">&#x41E; &#x43A;&#x43E;&#x43E;&#x43F;&#x435;&#x440;&#x430;&#x442;&#x438;&#x432;&#x435; &#x438; &#x43A;&#x443;&#x43F;&#x446;&#x435; &#x412;&#x430;&#x432;&#x438;&#x43B;&#x435;</subfield>
  </datafield>
  <datafield tag="620" ind1=" " ind2=" ">
    <subfield code="d">&#x421;&#x430;&#x43D;&#x43A;&#x442;-&#x41F;&#x435;&#x442;&#x435;&#x440;&#x431;&#x443;&#x440;&#x433;</subfield>
  </datafield>
  <datafield tag="700" ind1=" " ind2="1">
    <subfield code="a">&#x417;&#x430;&#x434;&#x44B;&#x445;&#x438;&#x43D;</subfield>
    <subfield code="b">&#x42F;.&#x41B;.</subfield>
    <subfield code="f">1897-1951</subfield>
    <subfield code="g">&#x42F;&#x43A;&#x43E;&#x432; &#x41B;&#x435;&#x43E;&#x43D;&#x438;&#x434;&#x43E;&#x432;&#x438;&#x447;</subfield>
    <subfield code="4">070</subfield>
  </datafield>
  <datafield tag="801" ind1=" " ind2="0">
    <subfield code="a">RU</subfield>
    <subfield code="b">NLR</subfield>
    <subfield code="c">20021129</subfield>
  </datafield>
  <datafield tag="852" ind1=" " ind2=" ">
    <subfield code="a">NLR</subfield>
    <subfield code="j">39/833</subfield>
  </datafield>
  <datafield tag="899" ind1=" " ind2=" ">
    <subfield code="a">&#x411;&#x410;&#x41D;</subfield>
  </datafield>
  <datafield tag="899" ind1=" " ind2=" ">
    <subfield code="a">&#x420;&#x41A;&#x41F;</subfield>
  </datafield>
  <datafield tag="942" ind1=" " ind2=" ">
    <subfield code="c">BOOK</subfield>
  </datafield>
  <datafield tag="980" ind1=" " ind2=" ">
    <subfield code="a">NB</subfield>
  </datafield>
  <datafield tag="980" ind1=" " ind2=" ">
    <subfield code="a">A1SV</subfield>
  </datafield>
</record>
